Títulos y operaciones de crédito : análisis teórico práctico de la Ley General de Títulos y Operaciones de Crédito y temas afines /

Guardado en:
Bibliografiske detaljer
Hovedforfatter: Dávalos Mejía, Carlos Felipe (autor)
Andre forfattere: Barrera Graf, Jorge (prólogo) (prólogo)
Format: Bog
Sprog:spansk
Udgivet: México : Oxford University, 2009, c2009
Udgivelse:3a edición
Serier:(Textos Jurídicos Universitarios)
Fag:
Tags: Tilføj Tag
Ingen Tags, Vær først til at tagge denne postø!

MARC

LEADER 00000nam^a2200000^a^4500
001 000159046
005 20250521000000.0
009 20260310100634.422
020 |a 978-970-613-421-9 
037 |a Acervo ITESO - Biblioteca 
041 |a ESP 
082 |a 346. 720722  |b DAV 
100 |a Dávalos Mejía, Carlos Felipe  |e (autor) 
245 1 0 |a Títulos y operaciones de crédito :  |b análisis teórico práctico de la Ley General de Títulos y Operaciones de Crédito y temas afines /  |c C.F. Dávalos Mejía ; pról. de J. Barrera Graf. 
250 |a 3a edición 
264 4 |a México :  |b Oxford University,  |c 2009, c2009 
300 |a XXVI, 775 p. 
336 |a texto  |b txt  |2 rdacontenido 
337 |a sin mediación  |b n  |2 rdamedio 
338 |a volumen  |b nc  |2 rdasoporte 
440 1 |a (Textos Jurídicos Universitarios) 
649 |a XX 
650 |a Cheques -  |z México -  |x Aspectos Jurídicos 
650 |a Pagarés -  |z México -  |x Aspectos Jurídicos 
650 |a Letras de Cambio -  |z México -  |x Aspectos Jurídicos 
650 |a Fideicomiso -  |z México -  |x Aspectos Jurídicos 
650 |a Instrumentos Financieros -  |z México -  |x Aspectos Jurídicos 
650 |a Crédito -  |x Historia 
650 |a Crédito -  |z México -  |x Aspectos Jurídicos -  |x Tema Principal 
650 |a Comercio -  |z México 
650 |a Economía -  |z México 
650 |a Derecho Económico -  |z México 
650 |a Derecho Mercantil -  |z México 
650 |a Derecho Civil -  |z México 
650 |a Derecho Privado -  |z México 
700 |a Barrera Graf, Jorge  |e (prólogo) 
910 |a Fondo General 
920 |a Impresos - Libros 
930 |a Colección General 
905 |a 101 
901 |a 0500190061  |b IT1  |c ACC  |i C124762  |u 20250521 
901 |a 0500234007  |b IT1  |c ACC  |i D64017  |u 20250521 
902 |a https://opac.biblio.iteso.mx/vufind/Record/000159046